000 00524nam a2200181Ia 4500
003 OSt
005 20191221101757.0
008 190216s9999||||xx |||||||||||||| ||und||
020 _a8127203025
040 _coclc
082 _a338.5024658
_bCHO/M
100 _aChopra, P N
_9632
245 0 _aManagerial Economics /
_cP N Chopra
260 _bKalyani Publishers,
_c2002.
_aNew Delhi:
300 _a508p
650 _aManagerial Economics
942 _cBK
_2ddc
_h338.5024658
_iCHO/M
_k338.5024658
_mCHO/M
999 _c10562
_d10562